Obálka Náhled e-knihy:
Epub
Pro půjčování e-knih musíte být přihlášeni.
Jak si půjčit online?

Hřbitovní kvítí /

Jak již název napovídá, nejedná se o sbírku příliš optimistickou. Sám Neruda byl totiž v té době spíše skepticky naladěný a hořkost a ironie mu nebyly cizí. Důvodem k takové náladě byla především situace ve společnosti, tedy vláda Alexandra Bacha, na kterou Neruda reagoval a která na něj velmi silně...

Celý popis

Uloženo v:
Hlavní autor: Neruda, Jan (Autor)
Médium: E-kniha
Jazyk:Czech
Vydáno: Praha : Artis, 2023
Tagy:
Žádné tagy
LEADER 01966nam a22002297i 4500
001 311812
007 ta
008 260601s2023 xr ||||| |||| 00| 0 cze d
020 |a 9990003664037 
044 |a xr 
100 1 |a  Neruda, Jan  |4 aut 
245 1 0 |a Hřbitovní kvítí /  |c  Neruda, Jan 
264 1 |a Praha :  |b Artis,  |c 2023 
300 |a 1 online zdroj (18 stran) 
336 |a text  |b txt  |2 rdacontent 
337 |a bez média  |b n  |2 rdamedia 
338 |a online zdroj  |b cr  |2 rdacarrier 
520 2 |a Jak již název napovídá, nejedná se o sbírku příliš optimistickou. Sám Neruda byl totiž v té době spíše skepticky naladěný a hořkost a ironie mu nebyly cizí. Důvodem k takové náladě byla především situace ve společnosti, tedy vláda Alexandra Bacha, na kterou Neruda reagoval a která na něj velmi silně dopadala. Proto také v této básnické sbírce najdeme mnohem více pesimistických a zachmuřených momentů než těch hezkých. Celá kniha se nese na vlně skepse, pesimismu, beznaděje, zmaru a osamění. Najdeme zde také kritiku společnosti, morálky, velké zklamání z lidí a celkově z tehdejšího života. Básník zde upírá svůj pohled na městskou ulici, pohřební průvod, který jí prochází, pražský hřbitov, který ať na první pohled hraje barvami, ve skutečnosti je pouze šedivý. Básník nahlíží na hřbitov a ptá se například, proč se na něm tráva zelená, kde se tam vzalo kvítí. Nemyslí si, že by tam květiny někdo zasadil, vidí v tom symbol lásky mrtvých lidí, kteří tam odpočívají. 
910 |a RBIT002 
998 |d 366403  |a https://core.palmknihy.cz/api/books/366403/cover?ro5gz3  |b https://core.palmknihy.cz/api/books/366403/cover/400?ro5gz3  |c https://core.palmknihy.cz/api/books/366403/cover/50?ro5gz3  |e 2099-12-01  |g 18  |i 9990003664037  |j https://core.palmknihy.cz/api/books/366403/preview.epub  |l   |q 49  |r 1  |s https://www.palmknihy.cz/kniha/366403  |t ebook  |y 2023  |z 1 
999 |d 311810